Czym zajmowali się przedstawiciele tych historycznych zawodów? - Statystyki

Ogólne statystyki
  • Ten quiz został rozwiązany 10 razy
  • Średni wynik to 7 z 11
Statystyki odpowiedzi
Zagadnienie Odpowiedź % Poprawnych
Bartnik: uprawiał pszczelarstwo leśne
90%
Lutnik: wykonywał i naprawiał szyjkowe instrumenty strunowe
80%
Kuśnierz: wyprawiał skóry i wykonywał z nich galanterię
80%
Rymarz: wytwarzał akcesoria jeździeckie, najczęściej łącząc skórę i metal
70%
Zecer: formował ze czcionek szpalty tekstu, docelowo przeznaczonego do druku
60%
Łamacz (metrampaż): odpowiadał za rozmieszczenie elementów typograficznych na stronie publikacji
60%
Fajkarz: wytwarzał fajki, najczęściej drewniane
60%
Felczer: służył doraźną, niewyspecjalizowaną pomocą medyczną
50%
Rakarz: Wyłapywał w miastach bezpańskie psy oraz wywoził nieczystości
50%
Snycerz: wykańczał drewniane przedmioty użytkowe, rzeźbiąc w nich
40%
Łagiewnik: wytwarzał małe naczynia klepkowe
30%
Nie znaleziono quizów pasujących do podanych kryteriów
Rozkład punktacji
Procent ludzi z każdym wynikiem
Percentyl według liczby udzielonych odpowiedzi
Twoja historia wyników
Nie rozwiązałeś tego quizu